| 000 | 00560nam a2200169 i 4500 | ||
|---|---|---|---|
| 001 | 163011 | ||
| 003 | ES-MaACL | ||
| 005 | 20230906212640.0 | ||
| 008 | 050707s1882 sp | |||||||| ||spa d | ||
| 040 |
_aCAM _bspa _cCAM |
||
| 100 | 1 |
_aReal, Enrique. _9131638 |
|
| 245 | 1 | 0 |
_aMudanza imposible _b: pequeño poema / _cEnrique Real. |
| 260 |
_aBadajoz : _b[s.n.], _c1882 ( _fTipografia La Industria de Uceda hermanos) |
||
| 300 |
_a12 p. ; _c15 cm. |
||
| 752 |
_aEspaña - _dBadajoz |
||
| 852 |
_aES-MaACL _jT-478-F-6 _z-- Enc. hol. _z-- Enc. en un vol. facticio |
||
| 999 |
_c163011 _d163011 |
||